| 000 | 00954nam a22002177a 4500 | ||
|---|---|---|---|
| 003 | UA-OsUOA | ||
| 001 | 39126 | ||
| 007 | ta | ||
| 008 | 20080311b un ||||| |||| 00| 0 ukr d | ||
| 090 | _a050 | ||
| 942 | _cNP | ||
| 040 |
_aUA-OsUOA _beng _cUA-OsUOA _dUA-OsUOA |
||
| 245 | _aСвобода | ||
| 955 | _a4 | ||
| 041 | _aeng | ||
| 080 | _a050 | ||
| 260 | _bВидає УНС | ||
| 246 | 3 | 1 | _a2006: №12, 24 березня; №19, 12 травня; №24, 16 червня; №29, 21 липня; №30, 28 липня; №31, 4 серпня; №32, 11 серпня; №33, 18 серпня; № 38, 22 вересня; №41, 13 жовтня; №43, 27 жовтня; №44, 4 листопада; №47, 25 листопада; №49, 9 грудня; |
| 650 | 7 |
_a050 Серійні публікації. Періодика галузі, Організація та інші типи поєднання (співробітництва) _2UDC |
|
| 999 |
_c437644 _d437644 |
||